| 000 | 02218nmc a2200613 a 4500 | ||
|---|---|---|---|
| 003 | AR-BaBNM | ||
| 005 | 20251128210717.0 | ||
| 008 | 246120s1975 ||||||||||||||000 | spa|| | ||
| 040 | _cAR-BaBNM | ||
| 245 | 1 | 0 |
_aTreinta cuentos argentinos _b[1880-1940] |
| 250 | _a4ª ed. | ||
| 260 |
_aBuenos Aires _bGuadalupe _c1975 |
||
| 300 | 0 | _a318 p. | |
| 490 | 0 |
_aBiblioteca pedagógica _vv. 1 |
|
| 500 | 0 | _aDonación Fainholc | |
| 505 |
_tLa selva de los reptiles _rGonzález, Joaquín V. |
||
| 505 |
_tPoncho de verano _rPayró, Roberto J. |
||
| 505 |
_tEl zapallo que se hizo Cosmos _rFernández, Macedonio |
||
| 505 |
_tViola Acherontia _rLugones, Leopoldo |
||
| 505 |
_tLa insolación _rQuiroga, Horacio |
||
| 505 |
_tEl reloj _rBooz, Mateo |
||
| 505 |
_tEl candelabro de plata _rGerchunoff, Alberto |
||
| 505 |
_tGüelé (piedad) _rGüiraldes, Ricardo |
||
| 505 |
_tDar la noticia _rGuerrero Estrella, Guillermo |
||
| 505 |
_tLas últimas hamadríades _rCancela, Arturo |
||
| 505 |
_tToulet _rMariani, Roberto |
||
| 505 |
_tChoclo pelao _rOvejero, Daniel |
||
| 505 |
_tHombres capaces _rEandi, Héctor |
||
| 505 |
_tLa inundación _rMartínez Estrada, Ezequiel |
||
| 505 |
_tEl patio de la noche _rRojas Paz, Pablo |
||
| 505 |
_tLa garza y el niño _rCárpena, Elías |
||
| 505 |
_tLa libertad del negro _rDraghi Lucero, Juan |
||
| 505 |
_tLa casa de Asterión _rBorges, Jorge Luis |
||
| 505 |
_tLa mosca de oro _rCastellani, Leonardo |
||
| 505 |
_tPequeños propietarios _rArlt, Roberto |
||
| 505 |
_tLa flor _rBarletta, Leónidas |
||
| 505 |
_tLa battalla _rGarra, Lobodón |
||
| 505 |
_tLa playa mágica _rPeyrou, Manuel |
||
| 505 |
_tTiempo _rGándara, Carmen |
||
| 505 |
_tEl capitán _rMallea, Eduardo |
||
| 505 |
_tLa mecedora _rDelfino, Augusto Mario |
||
| 505 |
_tMilagro _rMujica Láinez, Manuel |
||
| 505 |
_t¿Llueve, tata? _rVargas, Angel María |
||
| 505 |
_tHomenaje a Francisco Almeyra _rBioy Casares, Adolfo |
||
| 505 |
_tCasa tomada _rCortázar, Julio |
||
| 650 | 4 | _aLITERATURA ARGENTINA | |
| 650 | 4 | _aANTOLOGIAS | |
| 650 | 4 | _aCUENTOS | |
| 650 | 4 | _aESCRITORES | |
| 655 | _aLITERATURA | ||
| 700 | 1 |
_aMazzei, Angel _eprologuista |
|
| 942 | _cBK | ||
| 998 | _cNancy | ||
| 999 |
_c16555 _d16555 |
||